| 000 | 01014nam a22003017a 4500 | ||
|---|---|---|---|
| 001 | 0002221 | ||
| 003 | DO-SdBNP | ||
| 005 | 20230317095218.0 | ||
| 007 | 0002221 | ||
| 008 | 160622b 2004 co||||| |||| 00| 0 spa d | ||
| 020 | _a9587041755 | ||
| 040 |
_aBPMSU _bspa _cBPMSU |
||
| 082 | 4 |
_aA863.6 _bC827h 2004 _222 |
|
| 100 | 1 |
_aCortázar, Julio, _d1914-1984. |
|
| 245 | 1 | 0 |
_aHistorias de Cronopios y de Famas / _cJulio Cortázar. |
| 260 |
_aBogotá : _bAlfaguara, _c2004. |
||
| 300 |
_a141 p. ; _c21 cm. |
||
| 490 | 0 |
_aBiblioteca Cortázar _aAlfaguara |
|
| 500 | _aIncluye datos biográficos del autor en la solapa de la cubierta. | ||
| 505 | 0 |
_tManual de instrucciones -- _tOcupaciones raras -- _tMaterial plástico -- _tHistorias de cronopios y de famas. |
|
| 590 | _6Inventariado, 2023/VM | ||
| 648 | _a | ||
| 650 | 4 | _aCuentos argentinos | |
| 650 | 4 | _aLiteratura argentina | |
| 830 | 0 | _pBiblioteca Cortázar Alfaguara | |
| 910 | _aLOPEREZ/ VMateo V. Control de calidad (BPMSU) | ||
| 942 |
_2ddc _cBK |
||
| 999 |
_c10485 _d10485 |
||